00425nam a22001457a 450000500170000001000150001702000270003203500140005903700130007308200110008624500600009726000480015727000540020530000200025920240117161218.0 aENG-138924 c1200.00a9788194964025 aEN-122456 bDBAD/PUB a378.73 aAll Our Yesterdays:bJanki Devi Memorial College At 60/ aNew DelhibVitasta Publishing Pvt ltdc2021 a2/15, Ansari Road, Daryaganj, bNew Delhie110002 a261p.c29cm(hb)